LEADER 02451nam0-2200337---450 001 9910296959503321 005 20241212143952.0 012 $aONS. s,i- tao- eoom (3) 1703 (A)$2fei$5IT-NA0338: B V 42 100 $a20190103d1703----km-y0itay50------ba 101 0 $alat 102 $aNL 140 $aa-----------------bb0------- 200 1 $aCaspari Commelin ... Præludia botanica ad publicas plantarum exoticarum demonstrationes, dicta in horto medico, cum demonstrationes exoticarum 3 octobris 1701, & 29 Maji 1702. ex auctoritate nobilissimorum & amplissimorum d. consulum auspicaretur. His accedunt plantarum rariorum & exoticarum, in præludiis botanicis recensitarum, icones & descriptiones 210 $aLugduni Batavorum$capud Fredericum Haringh$d1703 215 $a[8], 85 [i.e. 87], [5] p., 33 c. di tav., di cui 1 rip.$cill. calcogr.$d4º 300 $aNel bifolio ?² numerati solo i recti, 65-66 307 $aSegn.: *? A-H? ?² I-L?. - Ultima carta bianca 317 $aTimbro ovale: "R. Orto Botanico di Napoli Biblioteca Tenoreana" a c. *2$5IT-NA0338: B V 42 321 1 $aPritzel$b1872$c1836$uhttps://books.google.it/books?id=_FnAgYaaY0AC&printsec=frontcover&hl=it&source=gbs_ge_summary_r&cad=0#v=snippet&q=commelin&f=false 517 1 $aPræludia botanica ad publicas plantarum exoticarum demonstrationes, dicta in horto medico, cum demonstrationes exoticarum 3 octobris 1701, & 29 Maji 1702. ex auctoritate nobilissimorum & amplissimorum d. consulum auspicaretur. His accedunt plantarum rariorum & exoticarum, in præludiis botanicis recensitarum, icones & descriptiones 620 $aOlanda.$dLeida 700 1$aCommelin,$bKaspar$f<1667-1731>$0761023 719 00$aHaaring,$gFrederik$4650 801 0$aIT$bUNINA$gREICAT$2UNIMARC 856 4 $zVisualizza la versione elettronica in SBNWeb$uhttps://books.google.it/books?id=7c8BmDX6XMQC&printsec=frontcover&hl=it&source=gbs_ge_summary_r&cad=0#v=onepage&q&f=false$e20190103 901 $aAQ 912 $a9910296959503321 952 $aB V 42$b87$fDBV 959 $aDBV 996 $aCaspari Commelin ... Præludia botanica ad publicas plantarum exoticarum demonstrationes, dicta in horto medico, cum demonstrationes exoticarum 3 octobris 1701, & 29 Maji 1702. ex auctoritate nobilissimorum & amplissimorum d. consulum auspicaretur. His accedunt plantarum rariorum & exoticarum, in præludiis botanicis recensitarum, icones & descriptiones$91540534 997 $aUNINA